000 01138cam a22002055a 4500
001 L150212
008 100614e2010 xxk 000 0 eng d
035 _a(Sirsi) u150212
041 0 _aeng
100 1 _aHatcher, David
245 0 0 _aMarkets
_bWest London
260 _c2010
490 _aProperty Week
_v76(22) 4 June 2010, 41-48(5)
520 _aOuter London Commission's report sees leisure sector buildings as critical to the future of Greater London, Hounslow, Hillingdon, Ealing and Harrow. BAA to add mid-market brands to their existing luxury outlets at Heathrow whose third runway plans seem to have been scrapped. National Grid is to develop the Southall gasworks site. Vacancy rates at the Park Royal industrial estate top 40%. Chiswick Park seeks prelets to commence the next phase of its major West London scheme. Pharmaceutical giant GSK puts its 22.7 acre Greenford site up for sale. Development Securities wants to start its 270 000 sq ft Hammersmith scheme.
590 _aKA
651 4 _aLondon
690 _aPROPERTY-COMMERCIAL PROPERTY-COMMERCIAL PROPERTY MARKET
700 1 _aBarryman, Keith
942 _n0
999 _c82422
_d82422